000 00790nam a2200229 a 4500
001 13587
003 BD-JhCC
005 20240302121519.0
008 171108s2003 bg |||| |||| 000 0 ben d
020 _a9844373039
035 _a(BD-JhCC)13587
040 _aBD-JhCC
_dBD-JhCC
041 _aben
082 _a891.4409
_bAHM 2003
100 _a আহমদ ,ড. ওয়াকিল
245 _aবাংলা কাব্যের রূপ ও ভাষা :
_b(প্রাচীন ও মধ্যযুগ) /
_cড. ওয়াকিল আহমদ ।
260 _aঢাকা :
_bকাকলী প্রকাশনী;
_c২০০৩.
300 _a১০৮ পৃ. :
_c২২ সেমি.
650 _aBengali Literature
942 _2ddc
_cBK
_03
999 _c13587
_d13587